000 00704nam a2200217Ia 4500
005 20250508160206.0
008 008 250505s9999 xx 000 0 eng d
037 _aBooks to be hide in OPAC
040 _aFEDL
_beng
_cFEDL
041 _aeng
_2eng
084 _qFEDL
100 _aBrown J C
245 0 _aCurricula in mathematics: A comparison of courses in the countries represented in the international commission on the teaching of mathematics
245 0 _cUnited States Bureau of Education
260 _aWashington, USA
_bU.S. Government Printing Office
_c1915
300 _a91p.
546 _aWeeded out
700 _a Young J W
_9768085
942 _cHB
999 _c1362553
_d1362553